An introduction to English language: Word, sound and sentence

Wedi'i Gadw mewn:
Manylion Llyfryddiaeth
Prif Awdur: Koenraad Kuiper
Fformat: Llyfr
Iaith:Undetermined
Cyhoeddwyd: New York, NY Palgrave MacMillan 2004
Pynciau:
Tagiau: Ychwanegu Tag
Dim Tagiau, Byddwch y cyntaf i dagio'r cofnod hwn!
Thư viện lưu trữ: Trung tâm Học liệu Trường Đại học Cần Thơ
LEADER 00640nam a2200205Ia 4500
001 CTU_65708
008 210402s9999 xx 000 0 und d
020 |b 165000 
082 |a 428.24 
082 |b K95 
100 |a Koenraad Kuiper 
245 3 |a An introduction to English language: Word, sound and sentence 
245 0 |c Koenraad Kuiper and W. Scott Allan 
260 |a New York, NY 
260 |b Palgrave MacMillan 
260 |c 2004 
650 |a english language,english language 
650 |x textbooks for foreign speakers,problems, exercises, etc. 
904 |i Minh 
980 |a Trung tâm Học liệu Trường Đại học Cần Thơ